| 000 | 00818nam a2200217Ii 4500 | ||
|---|---|---|---|
| 003 | JO-AjNU | ||
| 008 | 230605s9999||||xx |||||||||||||| ||und|| | ||
| 017 | _a2004/8/1988 | ||
| 040 |
_aJO-AjNU _bara _erda _cJO-AjNU |
||
| 041 | _aara | ||
| 050 | 1 | 4 | _aBP190.5.B74.T326 2005 |
| 100 | 3 |
_aالطباخ، محمود فؤاد, _eauthor _921126 |
|
| 245 | 0 | 0 | _aالأخوة الدعوية في نماذجها المشرقة |
| 250 | _aط1 | ||
| 264 | 3 | 1 | _aعمان: دار الاعلام للنشر والتوزيع، 2005 |
| 300 |
_a111ص _bالمصادر والمراجع ص99-107 |
||
| 336 |
_atext _btxt _2rdacontent |
||
| 337 |
_aunmediated _bn _2rdamedia |
||
| 338 |
_avolume _bnc _2rdacarrier |
||
| 650 | 4 |
_aالدعوة الاسلامية- الاخلاق الاسلامية- الاخوة في الاسلام _921127 |
|
| 999 |
_aA7287 _c10855 _d10855 |
||